| 000 | 01324pam a2200325 a 4500 | ||
|---|---|---|---|
| 001 | BD-DhSAU | ||
| 003 | BD-DhSAU | ||
| 005 | 20150527170006.0 | ||
| 008 | 831031s1984 dcua b 101 0 eng | ||
| 020 | _a0841208182 | ||
| 040 | _aBD-DhSAU | ||
| 082 | 0 | 0 |
_a634.969 _222 _bCHE |
| 245 | 0 | 0 |
_aChemical and biological controls in forestry : _bbased on a symposium sponsored by the Division of Pesticide Chemistry at the 185th Meeting of the American Chemical Society, Seattle, Washington, March 20-25, 1983 / _cWilla Y. Garner, editor, John Harvey, Jr., editor. |
| 260 |
_aWashington, D.C. : _bAmerican Chemical Society, _cc1984. |
||
| 300 |
_aix, 406 p. : _bill. ; _c23 cm. |
||
| 440 | 0 |
_aACS symposium series, _x0097-6156 ; _v238 |
|
| 504 | _aIncludes bibliographical references and index. | ||
| 590 | _aJerin | ||
| 650 | 0 |
_aForest insects _xControl _vCongresses. |
|
| 650 | 0 | _aForestry | |
| 650 | 0 |
_aForest insects _xBiological control _vCongresses. |
|
| 650 | 0 |
_aForest protection _vCongresses. |
|
| 650 | 0 |
_aPesticides _vCongresses. |
|
| 650 | 0 |
_aPesticides _xEnvironmental aspects _vCongresses. |
|
| 650 | 0 |
_aPesticides _xToxicology _vCongresses. |
|
| 700 | 1 |
_aGarner, Willa Y. _d1936- |
|
| 700 | 1 |
_aHarvey, John _d1925- |
|
| 710 | 2 |
_aAmerican Chemical Society. _bDivision of Pesticide Chemistry. |
|
| 942 |
_2ddc _cBOOK |
||
| 999 |
_c7672 _d7672 |
||